000 00397nam a2200169Ia 4500
003 GCL
008 140319s9999 xx 000 0 eng d
040 _aGCL /
_cGCL
082 0 4 _a843
_bM E
100 1 _aMOLIERE
245 1 0 _aL'ECOLE DES FEMMES /
_cMOLIERE
260 _a[S.N] :
_bFOLIO ،
_c1993
300 _a346 P
650 0 4 _aLITERATURE
650 0 4 _aFRENCH LITERATURE
942 _2ddc
_cBK
999 _c21707
_d21707